Peasant proprietorship as a principal measure of rural reconstruction in Egypt /

محفوظ في:

المؤلف الرئيسي: Sirry, Khalil (مؤلف)

التنسيق: كتاب

اللغة: English

منشور في: Cairo : Al-Eétemad Pr. Press, 1938.

الموضوعات:

الوسوم: إضافة وسم

لا توجد وسوم, كن أول من يضع وسما على هذه التسجيلة!

رقم الطلب: HD1339 .E3 S57

LEADER 00597nam a22001937a 4500
003 OSt
005 20250825061328.0
008 250303s1938 ua g 000 0 eng d
040 |c ARCE Library 
050 1 4 |a HD1339 .E3   |b S57  
100 1 |a Sirry, Khalil,   |e author  |9 40161 
245 1 0 |a Peasant proprietorship as a principal measure of rural reconstruction in Egypt /   |c by Khalil Sirry. 
264 1 |a Cairo :   |b Al-Eétemad Pr. Press,   |c 1938. 
300 |a v, 190 pages ;   |c 24 cm. 
650 0 |a Peasants  |z Egypt. 
650 0 |a Rural renewal   |z Egypt. 
901 |a reviewed 
942 |c BK  |2 lcc 
999 |c 14166  |d 14166